000 00359nam a2200133Ia 4500
005 20251222153521.0
008 251222s9999||||xx |||||||||||||| ||spa||
020 _a9789972865077
082 _a338.209.857/F96
245 0 _aActividad Minera Artesanal en Madre de Dios
250 _a1ra. ed.
264 _bFundación Conservación Internacional
942 _cLIB
999 _c29740
_d29740